Xarxa Telemàtica Provincial de Barcelona : mandat 1999-2003 / mandat 1999-2003 /
Descripción Física:
247 pàgines : il·lustracions ; 29 cm
MARC
| LEADER | 00000nam a2200000Ia 4500 | ||
|---|---|---|---|
| 001 | 17572 | ||
| 008 | 160829s2003 xx 000 0 cat d | ||
| 080 | |a C-2-426 | ||
| 110 | 1 | |a Barcelona (Catalunya : Província). |b Àrea de Govern Local |9 54267 | |
| 245 | |a Xarxa Telemàtica Provincial de Barcelona : |b mandat 1999-2003 / |c Àrea de Govern Local ; amb la participació de Comissionat de la Presidència per a la Societat del Coneixement, Oficina d'Informació Local, Oficina de Govern Local, Servei d'Informàtica i Telecomunicacions | ||
| 250 | |a Edició no venal | ||
| 260 | |a Barcelona : |b Diputació de Barcelona, |c 2003 | ||
| 300 | |a 247 pàgines : |b il·lustracions ; |c 29 cm | ||
| 590 | |a Hi ha un altre exemplar en castellà: C-2-427 | ||
| 610 | 1 | 0 | |9 54267 |a Barcelona (Catalunya : Província). |b Àrea de Govern Local |
| 650 | |a Xarxes d'àrea estesa (Xarxes d'ordinadors) |x Barcelona (Província) |9 37893 | ||
| 901 | |a Arxiu | ||
| 942 | |n 1 |2 udc | ||
| 952 | |0 0 |1 0 |4 0 |6 C2426 |7 1 |9 48140 |a Arxiu |b Arxiu |d 2016-12-01 |l 0 |o C-2-426 |p 17572 |r 2016-12-01 00:00:00 |w 2016-12-01 |y ARXIU | ||
| 952 | |0 0 |1 0 |4 0 |6 PDL |7 1 |9 63510 |a Arxiu |b Arxiu |d 2022-08-22 |l 0 |o PDL |p 26521 |r 2022-08-22 00:00:00 |w 2022-08-22 |y ARXIU | ||
| 999 | |c 51943 |d 51943 | ||